000 00223 a2200109 4500
001 51219
040 _cAnchieta - Pituba
240 1 0 _aGood Bye Lenin!
_l
245 1 0 _aGood Bye Lenin!
650 4 _aLíngua alemã
942 _cMX
999 _c51219
_d51219